000 00726nam a22002177a 4500
003 UA-OsUOA
001 58248
007 ta
008 20090203b un ||||| |||| 00| 0 ukr d
100 _aСохацька Є.
090 _a82
_bС68
942 _cSA
040 _aUA-OsUOA
_bukr
_cUA-OsUOA
_dUA-OsUOA
245 _aЕліта українського духу. Історія однієї дружби: Іван Огієнко та Богдан-Ігор Антонич. ДО 100-річчя від дня народження Б.-І. Антонича
300 _aС.8
955 _a0
041 _aukr
080 _a82
773 0 _w58245
650 7 _a82 Література. Літературознавство
_2UDC
999 _c344329
_d344329